[Event "GER-chT U14 Girls"]
[Site "Regensburg"]
[Date "2014.12.29"]
[Round "5.1"]
[White "Hausmann, Sarah"]
[Black "Peil, Celine"]
[Result "1/2-1/2"]
[WhiteElo "1364"]
[BlackElo "1592"]
[PlyCount "80"]
[EventDate "2014.12.27"]
[EventType "team-swiss"]
[EventRounds "7"]
[EventCountry "GER"]
[SourceTitle "EXT 2016"]
[Source "ChessBase"]
[SourceDate "2015.10.08"]
[SourceVersion "1"]
[SourceVersionDate "2015.10.08"]
[SourceQuality "1"]
[WhiteTeam "Graefelfing"]
[BlackTeam "Chemnitz USG"]
[WhiteTeamCountry "GER"]
[BlackTeamCountry "GER"]

1. e4 c5 2. Nf3 Nc6 3. Be2 g6 4. c3 Bg7 5. d3 d5 6. 0-0 dxe4 7. dxe4 Qxd1 8. Rxd1 Nf6 9. Bd3 c4 10. Bc2 0-0 11. Bf4 h6 12. Na3 Be6 13. Nd4 Nxd4 14. cxd4 Nh5 15. Be3 Rac8 16. Nb5 a6 17. Nc3 Rfd8 18. Na4 b5 19. Nc5 Ra8 20. e5 g5 21. g3 Bd5 22. Rd2 Bh8 23. Bd1 Ng7 24. Bc2 f6 25. exf6 exf6 26. Re1 Ne6 27. Nxe6 Bxe6 28. Bxg5 fxg5 29. Rxe6 Bg7 30. Re4 Rd6 31. Bd1 Rad8 32. b3 c3 33. Rc2 Rxd4 34. Rxd4 Rxd4 35. Be2 Rd2 36. Rxd2 cxd2 37. Kf1 a5 38. Bd1 b4 39. Ke2 Bc3 40. Ke3 Kg7 1/2-1/2

[Event "GER-chT U14 Girls"]
[Site "Regensburg"]
[Date "2014.12.29"]
[Round "6.1"]
[White "Peil, Celine"]
[Black "Riegel, Arinna"]
[Result "1/2-1/2"]
[WhiteElo "1592"]
[BlackElo "1615"]
[PlyCount "58"]
[EventDate "2014.12.27"]
[EventType "team-swiss"]
[EventRounds "7"]
[EventCountry "GER"]
[SourceTitle "EXT 2016"]
[Source "ChessBase"]
[SourceDate "2015.10.08"]
[SourceVersion "1"]
[SourceVersionDate "2015.10.08"]
[SourceQuality "1"]
[WhiteTeam "Chemnitz USG"]
[BlackTeam "Sasbach"]
[WhiteTeamCountry "GER"]
[BlackTeamCountry "GER"]

1. e4 d5 2. exd5 Qxd5 3. Nc3 Qd6 4. d4 Nf6 5. Nf3 c6 6. Ne5 Nbd7 7. Bf4 Nd5 8. Nxd5 Qxd5 9. f3 Nxe5 10. Bxe5 Bd7 11. Be2 Rc8 12. Bg3 c5 13. dxc5 Qxc5 14. c3 e6 15. Bf2 Qc7 16. Qd2 Bc5 17. Bxc5 Qxc5 18. Bd3 Bc6 19. Qf2 Qxf2+ 20. Kxf2 0-0 21. Rad1 Rfd8 22. Rd2 Rd7 23. Rhd1 Rcd8 24. Ke2 Kf8 25. Bc4 Rxd2+ 26. Rxd2 Rxd2+ 27. Kxd2 Ke7 28. Ke3 e5 29. Bd3 Ke6 1/2-1/2

[Event "GER-chT U14 Girls"]
[Site "Magdeburg"]
[Date "2013.12.28"]
[Round "4.2"]
[White "Peil, Celine"]
[Black "Sewald, Kathrin"]
[Result "0-1"]
[WhiteElo "1349"]
[BlackElo "1552"]
[PlyCount "150"]
[EventDate "2013.12.27"]
[EventType "team-swiss"]
[EventRounds "4"]
[EventCountry "GER"]
[SourceTitle "EXT 2015"]
[Source "ChessBase"]
[SourceDate "2014.11.20"]
[SourceVersion "1"]
[SourceVersionDate "2014.11.20"]
[SourceQuality "1"]
[WhiteTeam "Chemnitz"]
[BlackTeam "Koeln Porz"]
[WhiteTeamCountry "GER"]
[BlackTeamCountry "GER"]

1. e4 e5 2. Nf3 Nc6 3. Bb5 a6 4. Bxc6 dxc6 5. 0-0 Qd6 6. d3 Bd7 7. Be3 0-0-0 8. Nbd2 f6 9. Nc4 Qe6 10. c3 c5 11. Qc2 h5 12. Nh4 Qg4 13. Nf3 h4 14. h3 Qg6 15. Kh2 Qh5 16. Qb3 g5 17. Na5 b6 18. Qd5 Bb5 19. Qe6+ Kb8 20. Nc6+ Bxc6 21. Qxc6 Rxd3 22. Rfd1 Rxd1 23. Rxd1 Bd6 24. Rxd6 cxd6 25. Qxd6+ Kc8 26. Qc6+ Kd8 27. Qxb6+ Ke8 28. Qe6+ Kf8 29. Bxc5+ Kg7 30. Qd7+ Qf7 31. Qxf7+ Kxf7 32. b4 Ne7 33. Nd2 Rc8 34. Nc4 Ke6 35. Nb6 Rd8 36. a4 Nc8 37. Nd5 Rd7 38. Kg1 Rxd5 39. exd5+ Kxd5 40. Be3 Kc4 41. Kf1 Kxc3 42. Bc5 Kc4 43. a5 Kb5 44. Ke2 Kc6 45. Kf3 f5 46. Ke3 Nd6 47. Ke2 Ne4 48. Be7 Kb5 49. Ke1 Nc3 50. Bxg5 Kxb4 51. Bxh4 Kxa5 52. Be7 Nd5 53. Bd6 e4 54. Be5 Ne7 55. h4 Ng6 56. Bf6 Nf4 57. g3 Nh5 58. Be5 Kb5 59. Ke2 Kc4 60. Ke3 Kd5 61. Bc3 Kc4 62. Be5 a5 63. f3 exf3 64. Kxf3 Kd5 65. Bb2 Ke6 66. Bc3 a4 67. Bb2 Kf7 68. g4 fxg4+ 69. Kxg4 Nf6+ 70. Kg3 Ne4+ 71. Kf3 Nd6 72. Kg3 Nc4 73. Bc3 a3 74. h5 Nd6 75. Kf4 Kg8 0-1

[Event "Sachsen-ch U12 Girls"]
[Site "Sebnitz"]
[Date "2012.04.14"]
[Round "7"]
[White "Peil, Celine"]
[Black "Hagenbeck Huebert, Lara"]
[Result "1-0"]
[WhiteElo "1382"]
[BlackElo "1146"]
[PlyCount "139"]
[EventDate "2012.04.10"]
[EventType "swiss"]
[EventRounds "7"]
[EventCountry "GER"]
[SourceTitle "CBM 148 Extra"]
[Source "ChessBase"]
[SourceDate "2012.06.22"]
[SourceVersion "1"]
[SourceVersionDate "2012.06.22"]
[SourceQuality "1"]

1. e4 e5 2. Nf3 Nc6 3. Bb5 Bc5 4. 0-0 Nf6 5. Nxe5 Nxe5 6. d4 Bd6 7. dxe5 Bxe5 8. f4 Bd4+ 9. Qxd4 0-0 10. Nc3 c6 11. Bc4 d6 12. e5 Ne8 13. Be3 b5 14. Be2 c5 15. Qd5 Be6 16. Qf3 a6 17. exd6 Nxd6 18. Bxc5 Rc8 19. Bxd6 Qxd6 20. Ne4 Qb4 21. Ng5 Rxc2 22. Qh5 Qc5+ 23. Kh1 h6 24. Nxe6 Qxh5 25. Bxh5 fxe6 26. Bg4 Rf6 27. Rae1 Kf7 28. f5 exf5 29. Rxf5 Rxb2 30. Rxf6+ Kxf6 31. Be6 a5 32. h3 a4 33. Bg8 b4 34. Re4 Kf5 35. Bd5 Rxa2 36. Rxb4 Ra1+ 37. Kh2 a3 38. Ra4 Ke5 39. Bg8 Kd6 40. Ra6+ Kc5 41. Rg6 a2 42. Ra6 g5 43. Rxa2 Rxa2 44. Bxa2 Kd4 45. Kg3 Ke5 46. Kg4 Kf6 47. Kh5 Kg7 48. Bd5 Kh7 49. Be4+ Kg7 50. g3 Kg8 51. Kxh6 Kh8 52. Kxg5 Kg7 53. h4 Kh8 54. h5 Kg7 55. h6+ Kg8 56. Kf6 Kh8 57. Ke7 Kg8 58. Kf6 Kh8 59. Kg5 Kg8 60. Kh5 Kh8 61. g4 Kg8 62. g5 Kh8 63. g6 Kg8 64. Bd5+ Kf8 65. g7+ Ke7 66. g8Q Kd6 67. Qe6+ Kc7 68. h7 Kb8 69. Qf7 Kc8 70. h8R# 1-0

[Event "Sachsen-ch U12 Girls"]
[Site "Sebnitz"]
[Date "2012.04.11"]
[Round "2"]
[White "Peil, Celine"]
[Black "Moses, Selina"]
[Result "0-1"]
[WhiteElo "1382"]
[BlackElo "1677"]
[PlyCount "138"]
[EventDate "2012.04.10"]
[EventType "swiss"]
[EventRounds "7"]
[EventCountry "GER"]
[SourceTitle "CBM 148 Extra"]
[Source "ChessBase"]
[SourceDate "2012.06.22"]
[SourceVersion "1"]
[SourceVersionDate "2012.06.22"]
[SourceQuality "1"]

1. e4 c5 2. Nf3 d6 3. c3 Nf6 4. Be2 a6 5. 0-0 b5 6. d3 Bb7 7. Re1 e6 8. Nbd2 Be7 9. Nf1 0-0 10. Ng3 Qc7 11. Qc2 Nbd7 12. h3 d5 13. exd5 Nxd5 14. Ne4 N7f6 15. Nfd2 Rad8 16. Nxf6+ Nxf6 17. Bf3 Bxf3 18. Nxf3 Qd6 19. d4 cxd4 20. Nxd4 b4 21. Nf3 Qd3 22. Qxd3 Rxd3 23. Bd2 bxc3 24. Bxc3 Rb8 25. Nd4 Bb4 26. Nc6 Bxc3 27. Nxb8 Bxe1 28. Rxe1 Rd2 29. Rb1 a5 30. Nc6 a4 31. a3 Ne4 32. f3 Nc5 33. Nb4 g6 34. Rc1 Nb3 35. Rc2 Rxc2 36. Nxc2 Nd2 37. Na1 Nc4 38. b3 axb3 39. Nxb3 Nxa3 40. Kf2 Kg7 41. Nd2 f5 42. g3 e5 43. Ke3 Kf6 44. h4 h5 45. f4 e4 46. Nxe4+ fxe4 47. Kxe4 Nc4 48. f5 Nd6+ 49. Kf4 Nxf5 50. Kf3 Nd4+ 51. Kf4 Ne6+ 52. Ke4 Ng5+ 53. Kf4 Nh3+ 54. Kf3 Kf5 55. Kg2 Kg4 56. Kh2 Nf4 57. gxf4 Kxf4 58. Kh3 Kf3 59. Kh2 Kg4 60. Kg2 Kxh4 61. Kh2 g5 62. Kg2 g4 63. Kh2 g3+ 64. Kg2 Kg4 65. Kh1 Kf3 66. Kg1 g2 67. Kh2 Kf2 68. Kh3 g1Q 69. Kh4 Qg4# 0-1

[Event "Sachsen-ch U12 Girls"]
[Site "Sebnitz"]
[Date "2012.04.10"]
[Round "1"]
[White "Uhlmann, Marie"]
[Black "Peil, Celine"]
[Result "0-1"]
[WhiteElo "937"]
[BlackElo "1382"]
[PlyCount "92"]
[EventDate "2012.04.10"]
[EventType "swiss"]
[EventRounds "7"]
[EventCountry "GER"]
[SourceTitle "CBM 148 Extra"]
[Source "ChessBase"]
[SourceDate "2012.06.22"]
[SourceVersion "1"]
[SourceVersionDate "2012.06.22"]
[SourceQuality "1"]

1. e4 c5 2. Nf3 d6 3. Bc4 Nf6 4. Nc3 g6 5. d3 Bg7 6. Bg5 Nc6 7. 0-0 0-0 8. Bxf6 Bxf6 9. Nd5 Bg7 10. Ng5 e6 11. Nf4 Qxg5 12. Nh3 Qe7 13. Qf3 Ne5 14. Qg3 Nxc4 15. dxc4 Bd7 16. c3 Bc6 17. f3 Rad8 18. Rad1 Rd7 19. Rd2 Rfd8 20. Rfd1 d5 21. exd5 exd5 22. cxd5 Rxd5 23. Rxd5 Rxd5 24. Qb8+ Qf8 25. Qxf8+ Bxf8 26. Rxd5 Bxd5 27. b3 c4 28. bxc4 Bxc4 29. a3 Bxa3 30. Nf4 Bc1 31. Nh3 Be3+ 32. Kh1 Bd2 33. Nf2 Bxc3 34. Nd1 Bg7 35. h3 b5 36. g3 a5 37. Nb2 Bxb2 38. Kg2 a4 39. g4 a3 40. f4 a2 41. Kf2 a1Q 42. g5 Bd5 43. Kg3 Qg1+ 44. Kh4 Qf2+ 45. Kg4 Kg7 46. h4 f6 0-1

[Event "Sachsen-ch U10 Girls"]
[Site "Sebnitz"]
[Date "2009.04.17"]
[Round "5"]
[White "Halas, Julia"]
[Black "Peil, Celine"]
[Result "1-0"]
[WhiteElo "988"]
[BlackElo "990"]
[PlyCount "139"]
[EventDate "2009.04.14"]
[EventType "swiss"]
[EventRounds "7"]
[EventCountry "GER"]
[SourceTitle "EXT 2010"]
[Source "ChessBase"]
[SourceDate "2010.11.25"]
[SourceVersion "1"]
[SourceVersionDate "2010.11.25"]
[SourceQuality "1"]

1. e4 e5 2. Nf3 Nc6 3. d4 Bd6 4. d5 Nce7 5. Nc3 Nf6 6. Bg5 Ng6 7. Bc4 0-0 8. Qd2 Bc5 9. 0-0-0 d6 10. h4 Bg4 11. h5 Nf4 12. Bxf4 exf4 13. Qxf4 Bxf2 14. Qd2 Bg3 15. Qg5 h6 16. Qd2 Nxh5 17. Kb1 Bf4 18. Qf2 Be5 19. Qd2 Qd7 20. Rde1 c6 21. Nxe5 dxe5 22. Qf2 Qd6 23. Qh4 Qg6 24. dxc6 bxc6 25. Be2 Bxe2 26. Rxe2 Nf6 27. Rd1 Qg5 28. Qxg5 hxg5 29. g3 g6 30. Rf2 Kg7 31. Rdf1 Nh5 32. g4 Nf4 33. Rh1 Rh8 34. Rd1 Rad8 35. Rfd2 Rxd2 36. Rxd2 Rh1+ 37. Nd1 Ne2 38. c3 Ng3 39. Kc2 Nxe4 40. Rd7 Kf6 41. Rxa7 Ng3 42. Ra6 e4 43. Rxc6+ Ke5 44. Ne3 Kf4 45. Kd2 Nf1+ 46. Nxf1 Rxf1 47. Ke2 Rf3 48. Rf6+ Kg3 49. Rxf3+ exf3+ 50. Kf1 f2 51. a4 f5 52. a5 fxg4 53. a6 Kf3 54. a7 g3 55. a8Q+ Kg4 56. Kg2 Kh5 57. Qf3+ Kh6 58. Qxg3 Kg7 59. Qxf2 g4 60. Qd4+ Kh6 61. Qxg4 Kg7 62. Kf3 g5 63. Qxg5+ Kf7 64. Qh6 Ke7 65. Ke4 Kd7 66. Kd5 Kc7 67. Qc6+ Kd8 68. Qb7 Ke8 69. Ke6 Kf8 70. Qf7# 1-0

[Event "Sachsen-ch U10 Girls"]
[Site "Sebnitz"]
[Date "2009.04.14"]
[Round "1"]
[White "Ortlepp, Kristina"]
[Black "Peil, Celine"]
[Result "0-1"]
[WhiteElo "788"]
[BlackElo "990"]
[PlyCount "68"]
[EventDate "2009.04.14"]
[EventType "swiss"]
[EventRounds "7"]
[EventCountry "GER"]
[SourceTitle "EXT 2010"]
[Source "ChessBase"]
[SourceDate "2010.11.25"]
[SourceVersion "1"]
[SourceVersionDate "2010.11.25"]
[SourceQuality "1"]

1. e4 c5 2. Nf3 Nc6 3. Bc4 e6 4. 0-0 g6 5. d4 cxd4 6. Nxd4 Bg7 7. Be3 Nge7 8. Nc3 0-0 9. Qd2 b6 10. Rad1 Bb7 11. Nxc6 Bxc6 12. Rfe1 Qc7 13. Bd4 Rfe8 14. Bxg7 Kxg7 15. Qd4+ Kg8 16. Qd6 Qxd6 17. Rxd6 Rad8 18. Kf1 Kg7 19. Red1 f5 20. Bb5 Nc8 21. Bxc6 Nxd6 22. Ba4 Nxe4 23. Bxd7 Re7 24. Re1 Rexd7 25. Nxe4 fxe4 26. Rxe4 Rd1+ 27. Ke2 R1d6 28. Ra4 R8d7 29. b4 Rd2+ 30. Ke3 Rxc2 31. g4 Rc3+ 32. Ke4 Rc4+ 33. Ke3 Rxg4 34. b5 Rxa4 0-1